LEADER 01136nas 2200397 c 450 001 9910896134903321 005 20260218110936.0 035 $a(DE-599)ZDB3065303-4 035 $a(OCoLC)1252949201 035 $a(DE-101)1234012251 035 $a(CKB)4910000000549490 035 $a(DE-599)3065303-4 035 $a(EXLCZ)994910000000549490 100 $a20210525a20159999 |y | 101 0 $aeng 135 $aur||||||||||| 181 $ctxt$2rdacontent 182 $cc$2rdamedia 183 $acr$2rdacarrier 200 00$aVoprosy krymskotatarskoj filologii, istorii i kul?tury 210 31$aSimferopol'$cGBOUVO Respubliki Krym "Krymskij inz?enerno-pedagogic?eskij universitet"$d[2015]- 215 $aOnline-Ressource 300 $aAb 2018 erscheint halbja?hrlich 608 $aZeitschrift$2gnd-content 676 $a940 676 $a400 676 $a300 676 $a890 686 $aOST$qDE-12$2fid 801 0$b0012 801 1$bDE-101 801 2$b9999 906 $aJOURNAL 912 $a9910896134903321 996 $aVoprosy Krymskotatarskoj Filologii, Istorii i Kultury$94220982 997 $aUNINA